Normal view
MARC view
Entry Topical Term
001 - CONTROL NUMBER
- control field: 19857
003 - CONTROL NUMBER IDENTIFIER
- control field: OSt
005 - DATE AND TIME OF LATEST TRANSACTION
- control field: 20201225143048.0
008 - FIXED-LENGTH DATA ELEMENTS
- fixed length control field: 201225|| aca||aabn | a|a d
040 ## - CATALOGING SOURCE
- Original cataloging agency: OSt
- Transcribing agency: OSt
150 ## - HEADING--TOPICAL TERM
- Topical term or geographic name entry element: Fiscal welfare, Social tax expenditure, Taxation, Inequality, Pre-distriution
670 ## - SOURCE DATA FOUND
- Source citation: Work cat.: (OSt): Sinfield, Adrian. 19856, Building social policies in fiscal welfare
